000 00481nam a22001817a 4500
005 20260504132501.0
008 260423b |||||||| |||| 00| 0 eng d
020 _a9783540777816
082 _a617.600
_bSCH-B
100 _aSchmalz Gottfried:
245 _aBiocompatibility of Dental Materials/
260 _aGermany:
_bSpringer;
_c2009.
300 _a379p.
500 _ainclude index.
650 _aMedical / Dentistry
700 _aDorhe Arenholt-Bindslev
999 _c37135
_d37135